Southville International School and Colleges
Your cart is empty.
  • Cart
  • Lists
    Public lists Eva Luna New books Lux_list list_1
    Your lists Log in to create your own lists
  • Log in to your account
  • Your cookies
  • Search history
Southville International School and Colleges
  • Advanced search
  • Recent comments
  • Most popular
  • Libraries

Log in to your account

Log in with GOOGLE


If you do not have an external account, but do have a local account, you can still log in:

  1. Home
  2. MARC view: Mystery illness (The)/
Normal view MARC view ISBD view

Mystery illness (The)/ (Record no. 102666)

[ view plain ]
MARC details
000 -LEADER
fixed length control field 00630nam a2200193 a 4500
005 - DATE AND TIME OF LATEST TRANSACTION
control field 20140412111240.0
008 - FIXED-LENGTH DATA ELEMENTS--GENERAL INFORMATION
fixed length control field 010710s19uu xx 00 eng d
020 ## - INTERNATIONAL STANDARD BOOK NUMBER
International Standard Book Number 0-8114-3867-8
050 ## - LIBRARY OF CONGRESS CALL NUMBER
Classification number TR(PS E
Item number My99 1995
100 ## - MAIN ENTRY--PERSONAL NAME
Personal name Lakin, Patricia
245 ## - TITLE STATEMENT
Title Mystery illness (The)/
Statement of responsibility, etc by Patricia Lakin; picutres by DOug Cushman.
260 ## - PUBLICATION, DISTRIBUTION, ETC. (IMPRINT)
Place of publication, distribution, etc Austin, TX :
Name of publisher, distributor, etc Steck-Vaughn Comp,
Date of publication, distribution, etc 1995.
300 ## - PHYSICAL DESCRIPTION
Extent 31p. ; ill.
440 ## - SERIES STATEMENT/ADDED ENTRY--TITLE
Title My School
520 ## - SUMMARY, ETC.
Summary, etc Miss Yoo, the school nurse, deals with everything from chicken pox to a severe allergic reaction.
650 ## - SUBJECT ADDED ENTRY--TOPICAL TERM
Topical term or geographic name as entry element Nurses-Fiction
650 ## - SUBJECT ADDED ENTRY--TOPICAL TERM
Topical term or geographic name as entry element Schools-Fiction
Holdings
Withdrawn status Lost status Damaged status Use restrictions Home library Current library Shelving location Date acquired Source of acquisition Cost, normal purchase price Total Checkouts Full call number Barcode Date last seen Price effective from Koha item type
        Elizalde Library Elizalde Library Teachers Reference Section 07/10/2001   268.00   TR(PS E My99 1995 E2413 04/12/2014 04/12/2014 Books

Mystery illness (The)/

APA

Lakin P., . (1995). Mystery illness (The). Austin, TX: Steck-Vaughn Comp.

Chicago

Lakin Patricia, . 1995. Mystery illness (The). Austin, TX: Steck-Vaughn Comp.

Harvard

Lakin P., . (1995). Mystery illness (The). Austin, TX: Steck-Vaughn Comp.

MLA

Lakin Patricia, . Mystery illness (The). Austin, TX: Steck-Vaughn Comp. 1995.

  • Place hold
  • Print
  • Cite
  • Add to your cart (remove)
  • Save record
    BIBTEX Dublin Core MARCXML MARC (non-Unicode/MARC-8) MARC (Unicode/UTF-8) MARC (Unicode/UTF-8, Standard) MODS (XML) RIS
  • More searches
    Search for this title in:
    Other Libraries (WorldCat) Other Databases (Google Scholar) Online Stores (Bookfinder.com) Open Library (openlibrary.org)

Exporting to Dublin Core...

SOUTHVILLE LIBRARY

Southville International School and Colleges Library

1281 Tropical Ave. Cor. Luxembourg St., BF Homes International, Las Pinas City

Tel. No. 8256374 / 252358 Loc. 117/146

Powered by Koha